01233nam a2200313Ia 4500001001200000003000800012006001900020007001500039008004100054010001700095020001800112040002100130035002100151050002500172082001600197100002900213245015900242260003200401300001600433504005100449533015200500650002600652650003400678650001600712655002900728710001700757856012600774999001900900ebr10370296CaPaEBRm u cr cn|||||||||090611s2010 nyu sb 001 0 eng d z 2009023530 z9780814414781 aCaPaEBRcCaPaEBR a(OCoLC)56033854514aHD62.17b.P34 2010eb04a658.5/12221 aPage, Susanq(Susan Ann)14aThe power of business process improvementh[electronic resource] :b10 simple steps to increase effectiveness, efficiency, and adaptability /cSusan Page. aNew York :bAMACOM,cc2010. axii, 338 p. aIncludes bibliographical references and index. aElectronic reproduction.bPalo Alto, Calif. :cebrary,d2010.nAvailable via World Wide Web.nAccess may be limited to ebrary affiliated libraries. 0aWorkflowxManagement. 0aOrganizational effectiveness. 0aManagement. 7aElectronic books.2local2 aebrary, Inc.40uhttp://site.ebrary.com/lib/rucke/Doc?id=10370296zAn electronic book accessible through the World Wide Web; click to view c109624d109624